[Event "St Louis Fall B 2022"]
[Site "Saint Louis USA"]
[Date "2022.11.02"]
[Round "1.1"]
[White "Harutyunyan, Tigran K."]
[Black "Chirila, Ioan-Cristian"]
[Result "1-0"]
[WhiteTitle "GM"]
[BlackTitle "GM"]
[WhiteElo "2504"]
[BlackElo "2536"]
[WhiteFideId "13303635"]
[BlackFideId "1211668"]
[EventDate "2022.11.02"]

1. Nf3 Nf6 2. c4 c5 3. e3 d5 4. cxd5 Nxd5 5. Bb5+ Bd7 6. Bc4 Nb6 7. Be2 Nc6 8.
O-O e5 9. d3 Be7 10. Nbd2 O-O 11. b3 Re8 12. Bb2 Bf8 13. Rc1 Nd5 14. Qc2 b6 15.
Qb1 Qc7 16. Rfe1 Qb7 17. a3 Rad8 18. Qa2 Nc7 19. Qa1 f6 20. Qb1 Nd5 21. Bd1 Be6
22. Bc2 g6 23. Qa1 Bf7 24. Ne4 Bg7 25. Ng3 Rc8 26. h4 Qd7 27. h5 Qg4 28. Bd1 Qd7
29. Qb1 a5 30. Be2 g5 31. Bd1 h6 32. Nh2 Nde7 33. e4 Rcd8 34. Re3 Be6 35. Bc3 f5
36. exf5 Nxf5 37. Nxf5 Bxf5 38. Bf3 Nd4 39. Be4 Bxe4 40. dxe4 Qf7 41. b4 axb4
42. axb4 c4 43. Nf1 Rf8 44. Qb2 Qxh5 45. b5 Qe8 46. Ng3 h5 47. Bb4 Qxb5 48. Nxh5
Rf7 49. Nxg7 Kxg7 50. Qc3 Rc8 51. Rce1 Kg6 52. Rg3 Qd7 53. Qe3 Rf4 54. Bd2 g4
55. Qc3 Kg5 56. f3 Kf6 57. Bxf4 exf4 58. Rxg4 b5 59. Rxf4+ Ke6 60. Rh4 Qg7 61.
Qe3 c3 62. e5 Nc6 63. Qxc3 Qa7+ 64. Kh2 Qf2 65. Qb3+ 1-0

[Event "St Louis Fall B 2022"]
[Site "Saint Louis USA"]
[Date "2022.11.02"]
[Round "1.2"]
[White "Yoo, Christopher Woojin"]
[Black "Jacobson, Brandon"]
[Result "1/2-1/2"]
[WhiteTitle "GM"]
[BlackTitle "GM"]
[WhiteElo "2573"]
[BlackElo "2551"]
[WhiteFideId "30909694"]
[BlackFideId "30901561"]
[EventDate "2022.11.02"]

1. e4 e5 2. Bc4 Nf6 3. d3 Bc5 4. Nc3 O-O 5. Nf3 d6 6. Na4 Bb6 7. O-O h6 8. b4
Re8 9. Bb2 Nc6 10. Nxb6 axb6 11. a3 Be6 12. Bb5 Bd7 13. Re1 Ne7 14. Bxd7 Qxd7
15. d4 Ng6 16. dxe5 dxe5 17. Qxd7 Nxd7 18. Red1 Ndf8 19. Nd2 f6 20. Nc4 Red8 21.
f3 Kf7 22. Kf2 Ne6 23. Rxd8 Rxd8 24. a4 Ne7 25. g3 Nc6 26. c3 h5 27. Bc1 Ra8 28.
Ra3 Rd8 29. Ra1 Ra8 30. Ra3 Rd8 31. Ra1 Ra8 32. Ra3 1/2-1/2

[Event "St Louis Fall B 2022"]
[Site "Saint Louis USA"]
[Date "2022.11.02"]
[Round "1.3"]
[White "Sadhwani, Raunak"]
[Black "Mikaelyan, Arman"]
[Result "1-0"]
[WhiteTitle "GM"]
[BlackTitle "GM"]
[WhiteElo "2628"]
[BlackElo "2556"]
[WhiteFideId "35093487"]
[BlackFideId "13304852"]
[EventDate "2022.11.02"]

1. e4 e5 2. Nf3 Nc6 3. Bc4 Nf6 4. d3 Bc5 5. O-O d6 6. c3 h6 7. Re1 O-O 8. h3 a5
9. Nbd2 Be6 10. b3 Qb8 11. Nf1 Qa7 12. Qc2 Rad8 13. Bb2 Bxc4 14. bxc4 Qa6 15.
Rab1 Ba7 16. Ba3 Nd7 17. Ng3 Ne7 18. Rb5 Bc5 19. Bc1 c6 20. Rb1 Ba7 21. Nh4 Rfe8
22. Qe2 Kh7 23. Qf3 Nf6 24. Nhf5 Neg8 25. d4 Rd7 26. c5 dxc5 27. dxe5 Rxe5 28.
Bf4 Re6 29. Red1 Rxd1+ 30. Rxd1 Qc4 31. Nd6 Qa4 32. Nxf7 Nxe4 33. Re1 Ngf6 34.
Bxh6 Kg8 35. Nd8 Ng5 36. Qd1 Qxd1 37. Rxd1 gxh6 38. h4 Re7 39. Nf5 Rh7 40. Nxh6+
Rxh6 41. hxg5 Rg6 42. gxf6 Rxf6 43. Nxb7 c4 44. Rd2 Bb6 45. Kf1 Rh6 46. Nd6 1-0

[Event "St Louis Fall B 2022"]
[Site "Saint Louis USA"]
[Date "2022.11.02"]
[Round "1.4"]
[White "Kadric, Denis"]
[Black "Chandra, Akshat"]
[Result "1-0"]
[WhiteTitle "GM"]
[BlackTitle "GM"]
[WhiteElo "2582"]
[BlackElo "2472"]
[WhiteFideId "14403803"]
[BlackFideId "25006711"]
[EventDate "2022.11.02"]

1. e4 e5 2. Nf3 Nc6 3. Bc4 Bc5 4. d3 Nf6 5. Bg5 h6 6. Bh4 Be7 7. Bg3 d6 8. a4
O-O 9. c3 g6 10. h3 Kg7 11. Nbd2 Nh7 12. d4 Bf6 13. O-O Ng5 14. Nxg5 hxg5 15.
Nb3 Qe7 16. f3 Nd8 17. d5 c6 18. a5 cxd5 19. exd5 Qc7 20. Bd3 Be7 21. Bf2 f5 22.
c4 Nf7 23. Qc2 Bd7 24. c5 Rac8 25. Rfc1 g4 26. a6 dxc5 27. Nxc5 g3 28. Be3 Qd6
29. axb7 1-0

[Event "St Louis Fall B 2022"]
[Site "Saint Louis USA"]
[Date "2022.11.02"]
[Round "1.5"]
[White "Lenderman, Aleksandr"]
[Black "Kantor, Gergely"]
[Result "1-0"]
[WhiteTitle "GM"]
[BlackTitle "GM"]
[WhiteElo "2550"]
[BlackElo "2561"]
[WhiteFideId "2021285"]
[BlackFideId "751499"]
[EventDate "2022.11.02"]

1. d4 Nf6 2. c4 e6 3. g3 d5 4. Bg2 Be7 5. Nf3 O-O 6. Nc3 c6 7. O-O b6 8. Nd2 Ba6
9. b3 Nbd7 10. e4 c5 11. exd5 cxd4 12. d6 dxc3 13. dxe7 Qxe7 14. Nb1 Rad8 15.
Nxc3 Nc5 16. Qe2 Bb7 17. Bxb7 Qxb7 18. Ba3 Qc6 19. Rad1 h6 20. h3 Rfe8 21. Bb2
a6 22. Kh2 Qc7 23. Bc1 e5 24. Be3 Qc6 25. Qc2 Ne6 26. Rxd8 Rxd8 27. Rd1 Rxd1 28.
Qxd1 b5 29. Nd5 Nxd5 30. Qxd5 Qxd5 31. cxd5 Nf8 32. Kg2 Nd7 33. Kf3 f5 34. g4
Kf7 35. gxf5 Ke7 36. Bd2 Kd6 37. Bb4+ Kxd5 38. Ke3 Nf6 39. Bf8 Ne8 40. b4 e4 41.
Kf4 Nf6 42. a3 Ne8 43. Be7 Nc7 44. f6 Ke6 45. Kxe4 gxf6 46. Bf8 h5 47. Bh6 Nd5
48. Bd2 Nb6 49. Bc1 Nc4 50. Kd4 Ne5 51. Bf4 Nc6+ 52. Kc5 Ne7 53. Bd2 Nd5 54. Kc6
Ke5 55. Kb7 Kd4 56. Kxa6 Kc4 57. Ka5 f5 58. a4 bxa4 59. Kxa4 Kd3 60. Bh6 Ke2 61.
f4 h4 62. Bg5 Kf3 63. Bxh4 Kxf4 64. Be1 Ke5 65. b5 Kd6 66. Ka5 f4 67. h4 Kc7 68.
Ka6 Kb8 69. b6 Nf6 70. h5 Ng4 71. Bb4 1-0

[Event "St Louis Fall B 2022"]
[Site "Saint Louis USA"]
[Date "2022.11.03"]
[Round "2.1"]
[White "Chirila, Ioan-Cristian"]
[Black "Kantor, Gergely"]
[Result "1/2-1/2"]
[WhiteTitle "GM"]
[BlackTitle "GM"]
[WhiteElo "2536"]
[BlackElo "2561"]
[WhiteFideId "1211668"]
[BlackFideId "751499"]
[EventDate "2022.11.02"]

1. e4 e5 2. Nf3 Nc6 3. d4 exd4 4. Nxd4 Nf6 5. Nxc6 bxc6 6. e5 Qe7 7. Qe2 Nd5 8.
h4 a5 9. c4 Nb6 10. g3 a4 11. Bg2 Qe6 12. Nd2 Bb4 13. O-O O-O 14. Ne4 Qxe5 15.
Qc2 Qf5 16. c5 Nd5 17. a3 Ba5 18. Rd1 Ba6 19. Bh3 Qh5 20. Rd4 f5 21. Nc3 Bxc3
22. bxc3 Rae8 23. Bf4 Re4 24. Rxe4 fxe4 25. Qxe4 Nxc3 26. Qe7 Ne2+ 27. Kh2 Nxf4
28. gxf4 Qf3 29. Rg1 Qxf4+ 30. Kh1 Qf3+ 31. Bg2 Qf7 32. Qe5 Bc4 33. Be4 Bd5 34.
Rg2 Bxe4 35. Qxe4 Qf4 36. Qe7 Qc1+ 37. Rg1 Qh6 38. Rg2 d6 39. Qxc7 dxc5 40. Qe7
c4 41. Qe4 Qc1+ 42. Rg1 Qxa3 43. Qxc4+ Kh8 44. Rg3 Qb2 45. Qxa4 Qxf2 46. Qg4
Qf1+ 47. Rg1 Qf3+ 48. Qxf3 Rxf3 49. Kg2 Rf5 50. Rd1 h6 51. Kg3 Kh7 52. Rd7 Kg6
53. Rd6+ Rf6 54. Rd7 h5 55. Re7 Rd6 56. Re5 Rd3+ 57. Kg2 Rc3 58. Rg5+ Kh6 59.
Re5 c5 60. Rd5 c4 61. Rc5 Rc2+ 62. Kg3 c3 63. Rc6+ Kh7 64. Rc5 Kg6 65. Rg5+ Kh6
66. Rc5 Rc1 67. Kg2 Kg6 68. Rg5+ Kf6 69. Rxh5 Ke6 70. Rg5 Rd1 71. Rc5 Rd3 72.
Kf2 Kd6 73. Rc8 Kd5 74. Ke2 Rg3 75. Rc7 g6 76. Kd1 Kd4 77. Rc6 Rg1+ 78. Kc2 Rg2+
79. Kd1 Kd3 80. Rd6+ Ke4 81. Rf6 Ke5 82. Rf3 c2+ 83. Kc1 Rh2 84. Rg3 Kf5 85.
Rg5+ Kf6 86. Rg4 Kf7 87. Kb2 Kg7 88. Kc1 Kh6 89. Kb2 Kh5 90. Rg5+ Kh6 91. Rg4
Kh7 92. Kc1 Re2 93. Kb2 Rd2 94. Kc1 Rf2 95. Kb2 Kh6 96. Kc1 Kh5 97. Rg5+ Kh6 98.
Rg4 Re2 99. Kb2 Re6 100. Kxc2 Kh5 101. Rd4 Re3 102. Kd2 Rg3 103. Ke2 Rg4 104.
Rd3 Rf4 105. Rd6 Rxh4 106. Kf2 Rg4 107. Rd3 Kh4 108. Ra3 Rb4 109. Kg2 Rb2+ 110.
Kg1 g5 111. Rc3 Ra2 112. Rb3 Kg4 113. Rc3 Rd2 114. Ra3 Kf4 115. Ra4+ Kg3 116.
Ra3+ Kh4 117. Ra4+ Kh3 118. Ra3+ Kg4 119. Ra4+ Kh5 120. Ra3 Re2 121. Ra4 Rb2
122. Rc4 Re2 123. Ra4 Kg6 124. Kf1 Rc2 125. Kg1 Kf5 126. Ra5+ Kf4 127. Ra4+ Kf3
128. Ra3+ Kg4 129. Ra4+ Kh3 130. Ra3+ Kh4 131. Ra4+ g4 132. Ra3 Rb2 133. Rc3 Ra2
134. Rb3 Ra1+ 135. Kg2 Ra2+ 136. Kg1 Rc2 137. Ra3 Rc1+ 138. Kg2 Rc2+ 139. Kg1 g3
140. Ra8 Rc1+ 141. Kg2 Rc2+ 142. Kg1 Kh3 143. Rh8+ Kg4 144. Rg8+ Kf3 145. Rf8+
Ke4 146. Re8+ Kd4 147. Rg8 g2 148. Rxg2 Rxg2+ 149. Kxg2 1/2-1/2

[Event "St Louis Fall B 2022"]
[Site "Saint Louis USA"]
[Date "2022.11.03"]
[Round "2.2"]
[White "Chandra, Akshat"]
[Black "Lenderman, Aleksandr"]
[Result "1/2-1/2"]
[WhiteTitle "GM"]
[BlackTitle "GM"]
[WhiteElo "2472"]
[BlackElo "2550"]
[WhiteFideId "25006711"]
[BlackFideId "2021285"]
[EventDate "2022.11.02"]

1. d4 d5 2. c4 c6 3. cxd5 cxd5 4. Bf4 Nc6 5. e3 Nf6 6. Bb5 e6 7. Nc3 Bd6 8. Bg3
O-O 9. Nf3 Be7 10. O-O Bd7 11. h3 Qb6 12. Rb1 Rac8 13. Bh4 Qd8 14. Bd3 Nb4 15.
Be2 Nc6 16. a3 Ne4 17. Bxe7 Qxe7 18. Nxe4 dxe4 19. Nd2 f5 20. b4 Nd8 21. Qb3 Nf7
22. Rbc1 Kh8 23. Nc4 Bc6 24. b5 Bd5 25. b6 axb6 26. Qb2 Bxc4 27. Bxc4 Nd6 28.
Ba2 b5 29. Rc5 Qd7 30. Qb4 Rfe8 31. Re5 Rc6 32. d5 exd5 33. Rxe8+ Qxe8 34. Bxd5
Ra6 35. Rc1 Qd8 36. Rd1 Qf6 37. Rc1 h6 38. g3 Kh7 39. Rc7 h5 40. h4 Qe5 41. Qc5
Kh6 42. Kg2 Ra8 43. Rd7 Ra6 44. Rc7 Ra8 45. Rd7 Ra6 46. Rc7 1/2-1/2

[Event "St Louis Fall B 2022"]
[Site "Saint Louis USA"]
[Date "2022.11.03"]
[Round "2.3"]
[White "Mikaelyan, Arman"]
[Black "Kadric, Denis"]
[Result "0-1"]
[WhiteTitle "GM"]
[BlackTitle "GM"]
[WhiteElo "2556"]
[BlackElo "2582"]
[WhiteFideId "13304852"]
[BlackFideId "14403803"]
[EventDate "2022.11.02"]

1. d4 Nf6 2. Bg5 Ne4 3. Bf4 d5 4. e3 c5 5. Nd2 Nxd2 6. Qxd2 Nc6 7. Nf3 cxd4 8.
exd4 Bf5 9. c3 e6 10. Bd3 Bxd3 11. Qxd3 Bd6 12. Bxd6 Qxd6 13. O-O O-O 14. Ng5 g6
15. Qh3 h5 16. f4 Rae8 17. Rae1 Re7 18. Kh1 Rfe8 19. Qd3 Kg7 20. Re3 Na5 21. Rg3
Qa6 22. Qb1 Nc4 23. Re1 Nd6 24. Rge3 Nf5 25. R3e2 Qd6 26. g3 b5 27. a3 a5 28.
Qd3 b4 29. cxb4 axb4 30. a4 Qc6 31. Ra1 Rc8 32. Nf3 Ra7 33. a5 Qc7 34. a6 Qb6
35. Ra4 Rc4 36. Kg2 Rxa6 37. Rxa6 Qxa6 38. h3 Rc6 39. Qxa6 Rxa6 40. Kf2 Nd6 41.
Ke3 Ra1 42. g4 Nc4+ 43. Kd3 hxg4 44. hxg4 Rf1 45. Ne5 Nxe5+ 46. fxe5 Rg1 0-1

[Event "St Louis Fall B 2022"]
[Site "Saint Louis USA"]
[Date "2022.11.03"]
[Round "2.4"]
[White "Jacobson, Brandon"]
[Black "Sadhwani, Raunak"]
[Result "0-1"]
[WhiteTitle "GM"]
[BlackTitle "GM"]
[WhiteElo "2551"]
[BlackElo "2628"]
[WhiteFideId "30901561"]
[BlackFideId "35093487"]
[EventDate "2022.11.02"]

1. d4 Nf6 2. c4 e6 3. Nc3 Bb4 4. e3 O-O 5. Bd3 d5 6. a3 Bxc3+ 7. bxc3 dxc4 8.
Bxc4 c5 9. Nf3 Qc7 10. Be2 b6 11. Bb2 Bb7 12. O-O Nc6 13. c4 Rfd8 14. Rc1 Rac8
15. Re1 Ne7 16. Ne5 Ng6 17. Nd3 Qe7 18. Bf1 h5 19. Qe2 h4 20. f3 Nh7 21. dxc5 h3
22. g3 Ng5 23. e4 f5 24. exf5 Nh4 0-1

[Event "St Louis Fall B 2022"]
[Site "Saint Louis USA"]
[Date "2022.11.03"]
[Round "2.5"]
[White "Harutyunyan, Tigran K."]
[Black "Yoo, Christopher Woojin"]
[Result "0-1"]
[WhiteTitle "GM"]
[BlackTitle "GM"]
[WhiteElo "2504"]
[BlackElo "2573"]
[WhiteFideId "13303635"]
[BlackFideId "30909694"]
[EventDate "2022.11.02"]

1. c4 e6 2. Nc3 d5 3. d4 Nf6 4. cxd5 exd5 5. Bg5 Bb4 6. e3 h6 7. Bh4 g5 8. Bg3
Ne4 9. Qb3 c5 10. Bxb8 Rxb8 11. Bd3 Bf5 12. Bxe4 Bxe4 13. f3 Bd3 14. dxc5 Bxc5
15. Qxd5 Qxd5 16. Nxd5 O-O 17. b4 Rfd8 18. Nf6+ Kg7 19. Nh5+ Kg6 20. bxc5 Kxh5
21. Ne2 Rbc8 22. Nd4 Rxc5 23. Kf2 Rd6 24. Rhd1 Bc4 25. a3 Ra5 26. a4 Rda6 27.
Rab1 b6 28. Nf5 Kg6 29. e4 Rxa4 30. Rd8 Ra2+ 31. Kg3 Be6 32. Rg8+ Kf6 33. Nxh6
Re2 34. h4 gxh4+ 35. Kxh4 Raa2 36. Rg5 Ke7 37. Ng8+ Kf8 38. Rd1 Rad2 39. Rxd2
Rxd2 40. e5 b5 41. f4 b4 42. Nf6 Ke7 43. f5 Ba2 44. Rg7 Re2 45. Ng4 b3 46. e6 b2
47. Rxf7+ Kd6 48. Rd7+ Kc6 49. Rd1 b1=Q 50. Rxb1 Bxb1 51. f6 Kd6 52. e7 Bg6 53.
Kg5 Be8 54. g3 Ke6 55. Kh6 Kf5 0-1

[Event "St Louis Fall B 2022"]
[Site "Saint Louis USA"]
[Date "2022.11.04"]
[Round "3.1"]
[White "Kadric, Denis"]
[Black "Jacobson, Brandon"]
[Result "0-1"]
[WhiteTitle "GM"]
[BlackTitle "GM"]
[WhiteElo "2582"]
[BlackElo "2551"]
[WhiteFideId "14403803"]
[BlackFideId "30901561"]
[EventDate "2022.11.02"]

1. e4 e5 2. Nf3 Nc6 3. Bc4 Nf6 4. d3 Bc5 5. c3 d6 6. Bg5 h6 7. Bh4 a5 8. Nbd2
Ba7 9. O-O g5 10. Bg3 O-O 11. a3 Kh8 12. b4 Nh7 13. Kh1 f5 14. exf5 Bxf5 15. d4
exd4 16. b5 dxc3 17. bxc6 cxd2 18. cxb7 Rb8 19. Qxd2 Rxb7 20. Rae1 Qf6 21. Ne5
Bc5 22. Bd5 Rb5 23. Bc4 Rb7 24. Qd5 Rb2 25. a4 h5 26. Nf7+ Rxf7 27. Qxf7 Qxf7
28. Bxf7 h4 29. Re7 Nf6 30. h3 hxg3 31. fxg3 Be4 0-1

[Event "St Louis Fall B 2022"]
[Site "Saint Louis USA"]
[Date "2022.11.04"]
[Round "3.2"]
[White "Sadhwani, Raunak"]
[Black "Harutyunyan, Tigran K."]
[Result "1-0"]
[WhiteTitle "GM"]
[BlackTitle "GM"]
[WhiteElo "2628"]
[BlackElo "2504"]
[WhiteFideId "35093487"]
[BlackFideId "13303635"]
[EventDate "2022.11.02"]

1. c4 e6 2. Nc3 d5 3. d4 Nf6 4. cxd5 exd5 5. Bg5 c6 6. e3 h6 7. Bh4 Bd6 8. Bd3
O-O 9. Nge2 Re8 10. Qc2 a5 11. h3 Na6 12. a3 Nc7 13. O-O Ne6 14. f3 Be7 15. Rad1
b5 16. Bf2 Ba6 17. Ng3 Bf8 18. Nf5 b4 19. Bxa6 Rxa6 20. Na4 g6 21. Ng3 Qb8 22.
e4 Rc8 23. e5 Nd7 24. f4 Nxf4 25. Be3 Ne6 26. Qf2 Nd8 27. e6 fxe6 28. Qc2 Kh7
29. Nh5 Bg7 30. Nxg7 Kxg7 31. Nc5 Ra7 32. Bf4 Qa8 33. Qf2 Kh7 34. Qh4 Nf7 35.
Nxe6 Nf8 36. Ng5+ Nxg5 37. Bxg5 h5 38. Be7 Ne6 39. Rf7+ Ng7 40. Re1 Rg8 41. Re5
Kh8 42. Qf6 Kh7 43. Rg5 1-0

[Event "St Louis Fall B 2022"]
[Site "Saint Louis USA"]
[Date "2022.11.04"]
[Round "3.3"]
[White "Yoo, Christopher Woojin"]
[Black "Chirila, Ioan-Cristian"]
[Result "1-0"]
[WhiteTitle "GM"]
[BlackTitle "GM"]
[WhiteElo "2573"]
[BlackElo "2536"]
[WhiteFideId "30909694"]
[BlackFideId "1211668"]
[EventDate "2022.11.02"]

1. Nf3 Nf6 2. c4 c5 3. Nc3 d5 4. cxd5 Nxd5 5. g3 g6 6. Qb3 e6 7. d3 Bg7 8. Bg5
Qb6 9. Qc2 Nc6 10. Bg2 O-O 11. O-O Nxc3 12. bxc3 Qc7 13. d4 Bd7 14. Rab1 b6 15.
dxc5 bxc5 16. Nd2 Rab8 17. Ne4 Ne5 18. Nf6+ Kh8 19. Qe4 Rxb1 20. Rxb1 Rb8 21.
Rxb8+ Qxb8 22. f4 h6 23. fxe5 1-0

[Event "St Louis Fall B 2022"]
[Site "Saint Louis USA"]
[Date "2022.11.04"]
[Round "3.4"]
[White "Lenderman, Aleksandr"]
[Black "Mikaelyan, Arman"]
[Result "1-0"]
[WhiteTitle "GM"]
[BlackTitle "GM"]
[WhiteElo "2550"]
[BlackElo "2556"]
[WhiteFideId "2021285"]
[BlackFideId "13304852"]
[EventDate "2022.11.02"]

1. d4 g6 2. c4 Bg7 3. Nf3 d6 4. Nc3 Nf6 5. e4 O-O 6. Be2 e5 7. O-O exd4 8. Nxd4
Re8 9. f3 c6 10. Kh1 Nbd7 11. Bg5 Qb6 12. Nb3 a5 13. Qd2 a4 14. Be3 Qd8 15. Nd4
Nc5 16. Rfd1 Nfd7 17. Rab1 Be5 18. f4 Bg7 19. Bf3 Qa5 20. b4 axb3 21. axb3 Qb4
22. e5 dxe5 23. Nc2 Qb6 24. b4 exf4 25. Bxc5 Nxc5 26. bxc5 Qxc5 27. Ne4 Qf8 28.
Nd6 Rd8 29. Qxf4 Ra2 30. Nb4 Ra4 31. c5 h6 32. Qe3 Bf5 33. Qb3 Ra7 34. Nxf5 gxf5
35. Rxd8 Qxd8 36. Bxc6 1-0

[Event "St Louis Fall B 2022"]
[Site "Saint Louis USA"]
[Date "2022.11.04"]
[Round "3.5"]
[White "Kantor, Gergely"]
[Black "Chandra, Akshat"]
[Result "1-0"]
[WhiteTitle "GM"]
[BlackTitle "GM"]
[WhiteElo "2561"]
[BlackElo "2472"]
[WhiteFideId "751499"]
[BlackFideId "25006711"]
[EventDate "2022.11.02"]

1. d4 Nf6 2. c4 e6 3. Nf3 d5 4. Nc3 c5 5. cxd5 Nxd5 6. e4 Nxc3 7. bxc3 cxd4 8.
cxd4 Bb4+ 9. Bd2 Bxd2+ 10. Qxd2 O-O 11. Bc4 Nd7 12. O-O b6 13. Rad1 Bb7 14. Rfe1
Nf6 15. Qf4 Rc8 16. Bd3 Qc7 17. e5 h6 18. h4 Nd5 19. Qe4 Nf6 20. Qf4 Nd5 21. Qg4
Nc3 22. Rd2 Rfd8 23. Nh2 Qe7 24. Nf1 Kh8 25. Ng3 Rc7 26. Nh5 Qf8 27. Rc2 Nb5 28.
Rxc7 Nxc7 29. Re3 Nd5 30. Rg3 g6 31. Bxg6 fxg6 32. Qxg6 Qe7 33. Ng7 1-0

[Event "St Louis Fall B 2022"]
[Site "Saint Louis USA"]
[Date "2022.11.05"]
[Round "4.1"]
[White "Yoo, Christopher Woojin"]
[Black "Sadhwani, Raunak"]
[Result "1/2-1/2"]
[WhiteTitle "GM"]
[BlackTitle "GM"]
[WhiteElo "2573"]
[BlackElo "2628"]
[WhiteFideId "30909694"]
[BlackFideId "35093487"]
[EventDate "2022.11.02"]

1. Nf3 d5 2. c4 d4 3. b4 c5 4. Bb2 Nf6 5. g3 Qc7 6. Bg2 e5 7. O-O Nc6 8. b5 Na5
9. Qa4 Nd7 10. d3 a6 11. Na3 Be7 12. Rab1 axb5 13. Nxb5 Qb8 14. e3 O-O 15. Rfe1
e4 16. Nd2 Ne5 17. Qc2 Nxd3 18. Bxe4 Nxe1 19. Rxe1 d3 20. Bxd3 h6 21. Bc3 Nc6
22. Bh7+ Kh8 23. Be4 f5 24. Bd5 Nb4 25. Bxb4 cxb4 26. Nf3 Bd7 27. Nfd4 Ra6 28.
Rd1 Qc8 29. Rd2 Rd8 30. Qd1 Bf6 31. Qf3 Rb6 32. h4 Be5 33. Qh5 Rf6 34. Qd1 Qb8
35. Qf3 Rc8 36. Ne2 Bxb5 37. cxb5 b6 38. h5 Bc3 39. Rc2 Be5 40. Rc6 Rcf8 41. Nc1
Qd8 42. Nd3 Qe7 43. Bc4 Kh7 44. Rxf6 Qxf6 45. Nxb4 Qd6 46. Nd5 g5 47. hxg6+ Kxg6
48. Bd3 Kg7 49. a4 Rd8 50. e4 Bd4 51. Kg2 Kh8 52. Bc4 fxe4 53. Qxe4 Qe5 54.
Qxe5+ Bxe5 55. Nxb6 Rd2 56. Nd5 Bd4 57. Kf3 Rc2 58. Bd3 Ra2 59. b6 Rxa4 60. b7
Ba7 61. Ne7 Rb4 62. Be4 Rb2 63. Kg4 Bxf2 64. Nf5 Kg8 65. Kf3 Ba7 66. Nxh6+ Kg7
67. Nf5+ Kf6 68. g4 Ke5 69. Bd3 Rxb7 70. g5 Rb3 71. Ke2 Rb2+ 72. Kd1 Rg2 73. Nh4
Rg3 74. Ke2 Kf4 75. g6 Rg4 76. Bc4 Bd4 77. Nf3 Rg2+ 78. Kd3 Bf6 79. Nd2 Rg3+ 80.
Kc2 Rxg6 81. Ne4 Be5 82. Kd3 Rh6 83. Bd5 Rh3+ 84. Kc4 Ke3 85. Bc6 Rh8 86. Kd5
Kf4 87. Nc5 Bf6 88. Ne6+ Ke3 89. Nc5 Be7 90. Ne6 Rh5+ 91. Kc4 Re5 92. Bd5 Kd2
93. Nd4 Re3 94. Nb3+ Kc2 95. Nd4+ Kb2 96. Nf5 Re5 97. Nxe7 Rxe7 98. Kd4 Rd7 99.
Ke4 Kc3 100. Be6 Ra7 101. Bg8 Ra4+ 102. Ke5 Kd3 103. Bh7+ Ke3 104. Bg8 Ra5+ 105.
Bd5 Kd3 106. Ke6 Kd4 107. Bg2 Re5+ 108. Kf6 Re2 109. Bb7 Kc5 110. Bc8 Kd6 111.
Ba6 Rf2+ 112. Kg5 Ke5 113. Kg4 Rf4+ 114. Kg3 Ke4 115. Bc4 Ke3 116. Bb3 Re4 117.
Ba2 Rd4 118. Bb3 Rb4 119. Ba2 Re4 120. Bb3 Rd4 121. Ba2 Rb4 122. Be6 Rb6 123.
Bf5 Rb8 124. Kg4 Rg8+ 125. Kh5 Kf4 126. Bh7 Rg1 127. Kh6 Rg5 128. Bg6 Rxg6+ 129.
Kxg6 1/2-1/2

[Event "St Louis Fall B 2022"]
[Site "Saint Louis USA"]
[Date "2022.11.05"]
[Round "4.2"]
[White "Chirila, Ioan-Cristian"]
[Black "Chandra, Akshat"]
[Result "1/2-1/2"]
[WhiteTitle "GM"]
[BlackTitle "GM"]
[WhiteElo "2536"]
[BlackElo "2472"]
[WhiteFideId "1211668"]
[BlackFideId "25006711"]
[EventDate "2022.11.02"]

1. e4 c5 2. Nf3 e6 3. d4 cxd4 4. Nxd4 Nc6 5. Nc3 a6 6. Be3 Nf6 7. f4 d5 8. e5
Nd7 9. Qd2 Bc5 10. O-O-O O-O 11. h4 Nxd4 12. Bxd4 b5 13. Ne2 a5 14. Qe3 Qb6 15.
Rh3 b4 16. Rg3 Ba6 17. f5 exf5 18. Bxc5 Qxc5 19. Nd4 Rfe8 20. Qh6 g6 21. Nxf5
Qf8 22. Bxa6 Rxa6 23. Rxd5 Nxe5 24. Re3 f6 25. Rd7 Qxh6 26. Nxh6+ Kh8 27. Nf7+
Kg8 28. Nxe5 fxe5 29. Rf3 h5 30. Rff7 Rd6 31. Rg7+ Kh8 32. Rh7+ Kg8 33. Rhg7+
Kh8 34. Rh7+ Kg8 35. Rxd6 Kxh7 36. Rd5 g5 37. hxg5 Kg6 38. Rxa5 Kxg5 39. Rb5 Kf4
40. Rxb4+ Kg3 41. Kd2 Kxg2 42. Rh4 Rh8 43. Ke3 Kg3 44. Rh1 Kg2 45. Rh4 Kg3 46.
Rh1 Kg2 47. Rh4 Kg3 48. Rh1 Kg2 1/2-1/2

[Event "St Louis Fall B 2022"]
[Site "Saint Louis USA"]
[Date "2022.11.05"]
[Round "4.3"]
[White "Mikaelyan, Arman"]
[Black "Kantor, Gergely"]
[Result "1/2-1/2"]
[WhiteTitle "GM"]
[BlackTitle "GM"]
[WhiteElo "2556"]
[BlackElo "2561"]
[WhiteFideId "13304852"]
[BlackFideId "751499"]
[EventDate "2022.11.02"]

1. d4 Nf6 2. c4 e6 3. Nf3 d5 4. Nc3 c5 5. cxd5 cxd4 6. Qxd4 exd5 7. e4 dxe4 8.
Qxd8+ Kxd8 9. Ng5 Be6 10. Nxe6+ fxe6 11. Bg5 Nc6 12. O-O-O+ Ke8 13. Bc4 Ne5 14.
Bb5+ Kf7 15. Bxf6 gxf6 16. Nxe4 a6 17. Be2 Bh6+ 18. Kb1 Ke7 19. g3 Rac8 20. f4
Nf7 21. Bf3 f5 22. Nd2 Bg7 23. Nb3 Nd6 24. Rhe1 Rhe8 25. Na5 Rc7 26. Re2 Bf8 27.
Nb3 Kf6 28. Rde1 Nf7 29. Bh5 Bb4 30. Rf1 Rd8 31. a3 Bf8 32. Rfe1 Rd6 33. Bf3 Nd8
34. Re3 b6 35. Be2 b5 36. Bf3 Rc4 37. Be2 Rc7 38. Bf1 Rc8 39. Re5 Rc7 40. Bg2
Rd3 41. R5e3 Rxe3 42. Rxe3 Bd6 43. Rd3 Nf7 44. Na5 e5 45. fxe5+ Bxe5 46. Nc6 Bd6
47. Rd1 h5 48. Bf3 h4 49. gxh4 Bxh2 50. Nb4 Ra7 51. Nd5+ Ke6 52. Ne3 Ne5 53.
Bd5+ Kf6 54. Rf1 f4 55. Ng2 Kf5 56. Ne3+ Kg6 57. Be4+ Kh5 58. Nf5 Kg4 1/2-1/2

[Event "St Louis Fall B 2022"]
[Site "Saint Louis USA"]
[Date "2022.11.05"]
[Round "4.4"]
[White "Jacobson, Brandon"]
[Black "Lenderman, Aleksandr"]
[Result "1/2-1/2"]
[WhiteTitle "GM"]
[BlackTitle "GM"]
[WhiteElo "2551"]
[BlackElo "2550"]
[WhiteFideId "30901561"]
[BlackFideId "2021285"]
[EventDate "2022.11.02"]

1. d4 d5 2. c4 dxc4 3. Nf3 Nf6 4. e3 e6 5. Bxc4 c5 6. O-O a6 7. b3 b6 8. Ba3
Nbd7 9. d5 exd5 10. Bxd5 Rb8 11. Bb2 Be7 12. Bc4 b5 13. Bd3 O-O 14. e4 Nb6 15.
Qc2 c4 16. bxc4 bxc4 17. Be2 Bb7 18. Nbd2 Rc8 19. Rab1 Bc5 20. Bxf6 Qxf6 21.
Nxc4 Qe7 22. Qb2 Bxe4 23. Nxb6 Bxb6 24. Bxa6 Rb8 25. Rbe1 Ba5 26. Qe2 Bxe1 27.
Rxe1 Qf6 28. Qxe4 Qxa6 29. a4 Ra8 30. g3 Qxa4 31. Qxa4 Rxa4 32. h4 Ra2 33. Re4
h5 34. Ng5 f6 35. Nh3 Rb8 36. Rc4 Rb5 37. Rc8+ Kh7 38. Rc7 Rba5 39. Nf4 Kh6 40.
Kg2 Ra6 41. Rc8 Ra8 42. Rc7 R2a7 43. Rc5 Ra5 44. Rc7 R8a7 45. Rc6 Kh7 46. Nh3
Rf5 47. Nf4 Rf7 48. Rb6 Ra7 49. Rc6 Rb5 50. Rd6 Ra2 51. Rd7 Rbb2 52. Nh3 Rd2 53.
Rb7 Rd5 54. Rc7 Rf5 55. Rb7 Ra8 56. Rc7 Rg8 57. Nf4 Kh6 58. Rc6 g5 59. hxg5+
Rgxg5 60. Kh3 Rg8 61. Rb6 Ra8 62. Rb4 Ra2 63. Kg2 Rg5 64. Rb8 Ra7 65. Rf8 Rf5
66. Rh8+ Rh7 67. Rg8 Rg5 68. Rf8 Rf5 1/2-1/2